zpět

Detail výsledku týmu

Café Hostel, České Budějovice

Datum a čas kvízu

33 Celkem bodů Celkový počet nahraných bodů na tomto kvízu bez doplňovacích otázek.
4. Pořadí na kvízu Konečné umístění týmu na tomto kvízu.

Zaznamenané odpovědi

# Otázka Odpověď Body Výsledky
1. Bývalá pražská primátorka Adri... C) detektivní román 0
2. Kanadská společnost Flash Fore... drony 1
3. Minulý týden byla zapsána na s... vamberecká (krajka) 1
4. Český forenzní biochemik Jan H... analýza potu 1
5. 36letá bývalá světová jednička... Kim Clijstersová 0
6. Rožnovský tým Kačeři vyhrál mo... Dave Gahan 1
7. Jak se jmenuje umělec, který v... Marilyn Manson 0
8. Podle čeho si tato kapela vybr... B) podle časopisu 1
9. Gary Numan, Ultravox, Devo...... synthpop / synthrock 0
10. Depešáci ovlivnili řadu hudebn... Shalom 1